[Event "San Vicente op 8th"]
[Site "San Vicente"]
[Date "2024.03.29"]
[Round "4"]
[White "Adhiban, Baskaran"]
[Black "Filip, Lucian Ioan"]
[Result "1/2-1/2"]
[WhiteElo "2541"]
[BlackElo "2359"]
[PlyCount "112"]
[EventDate "2024.03.27"]
[EventType "swiss"]
[EventRounds "9"]
[EventCountry "ESP"]
[SourceTitle "CB14_2024"]
[SourceDate "2024.04.01"]
[SourceVersion "1"]
[SourceVersionDate "2024.04.01"]
[SourceQuality "1"]

1. e4 c5 2. Nf3 e6 3. d4 cxd4 4. Nxd4 a6 5. h3 Nf6 6. Bd3 Qb6 7. Nb3 Nc6 8. 0-0 Be7 9. Be3 Qc7 10. f4 d6 11. a4 e5 12. a5 exf4 13. Bb6 Qb8 14. Rxf4 0-0 15. Nc3 Be6 16. Nd5 Bxd5 17. exd5 Ne5 18. Kh1 g6 19. Be2 Nfd7 20. Bg1 Qc7 21. Rf1 Rac8 22. c3 Rfe8 23. Ra4 Bf8 24. Rb4 Bg7 25. Bf2 Rb8 26. Qd2 Nf6 27. Bh4 Nfd7 28. Qc2 Nc5 29. Nxc5 Qxc5 30. Qb3 Nd7 31. Bf3 Qxa5 32. Rxb7 Rxb7 33. Qxb7 Qb5 34. Qxb5 axb5 35. Ra1 Be5 36. Ra5 Rb8 37. Be1 Nc5 38. Be2 Na4 39. Rxb5 Rxb5 40. Bxb5 Nxb2 41. Kg1 Nd1 42. c4 Nb2 43. Kf1 Nd3 44. Bd2 f5 45. Ke2 Nc5 46. Be3 Kf7 47. Bxc5 dxc5 48. Kf3 h5 49. Ba4 g5 50. g4 fxg4+ 51. hxg4 h4 52. Kg2 Kf6 53. Kh3 Bd6 54. Bb5 Ke5 55. Ba6 Kf4 56. Bb5 Ke5 1/2-1/2

[Event "Bucharest Grand Prix op"]
[Site "Bucharest"]
[Date "2024.03.24"]
[Round "5"]
[White "Filip, Lucian Ioan"]
[Black "Vasilescu, Lucian Mihail"]
[Result "1-0"]
[WhiteElo "2359"]
[BlackElo "2116"]
[PlyCount "101"]
[EventDate "2024.03.23"]
[EventType "swiss (rapid)"]
[EventRounds "10"]
[EventCountry "ROU"]
[SourceTitle "CB13_2024"]
[SourceDate "2024.03.27"]
[SourceVersion "1"]
[SourceVersionDate "2024.03.27"]
[SourceQuality "1"]

1. d4 d5 2. c4 e6 3. Nf3 Nf6 4. g3 dxc4 5. Bg2 a6 6. 0-0 Nc6 7. Nbd2 Nxd4 8. Nxc4 Bc5 9. Nxd4 Qxd4 10. Qxd4 Bxd4 11. Rd1 Ba7 12. Na5 Nd5 13. e4 Bb6 14. Nc4 Nb4 15. Nxb6 cxb6 16. Be3 b5 17. Bc5 Nc6 18. f4 f6 19. Rd6 e5 20. f5 Rf8 21. Bf3 g6 22. Rad1 Rf7 23. g4 Bd7 24. Kf2 Rc8 25. b4 a5 26. a3 axb4 27. axb4 Ra8 28. Be2 Ra2 29. R1d2 Rxd2 30. Rxd2 Nd4 31. Bxd4 exd4 32. Rxd4 Bc6 33. Bd3 Rd7 34. Rxd7 Kxd7 35. fxg6 hxg6 36. e5 g5 37. exf6 Ke6 38. Kg3 Kxf6 39. h4 gxh4+ 40. Kxh4 Ke5 41. g5 Kd4 42. Bf5 Be8 43. Bg4 Kc3 44. Bh5 Bc6 45. g6 Kxb4 46. g7 Bd5 47. Kg5 Kc3 48. Kf6 Bg8 49. Bf7 Bh7 50. Kg5 b4 51. Kh6 1-0

[Event "ROM-chT Rapid"]
[Site "Sebes"]
[Date "2023.12.02"]
[Round "8.8"]
[White "Filip, Lucian Ioan"]
[Black "Vasile, Matei"]
[Result "1-0"]
[WhiteElo "2377"]
[BlackElo "1714"]
[PlyCount "159"]
[EventDate "2023.12.02"]
[EventType "team-swiss (rapid)"]
[EventRounds "8"]
[EventCountry "ROU"]
[SourceTitle "CB49_2023"]
[SourceDate "2023.12.06"]
[SourceVersion "1"]
[SourceVersionDate "2023.12.06"]
[SourceQuality "1"]
[WhiteTeam "Timisoara"]
[BlackTeam "Bucharest CSU"]
[WhiteTeamCountry "ROU"]
[BlackTeamCountry "ROU"]

1. Nf3 d5 2. d4 Nf6 3. c4 e6 4. g3 dxc4 5. Bg2 c5 6. 0-0 Be7 7. dxc5 Qxd1 8. Rxd1 Nc6 9. Na3 c3 10. Nb5 0-0 11. Nxc3 Bxc5 12. Bg5 Ng4 13. Ne4 Bb6 14. Rac1 h6 15. Bd2 f5 16. Nc5 e5 17. h3 Nf6 18. Be1 Kh7 19. b4 a5 20. b5 Nb4 21. a3 Bxc5 22. Rxc5 e4 23. Ne5 b6 24. Rcc1 Nbd5 25. e3 Be6 26. Bf1 Rac8 27. Nc6 Bg8 28. Bc4 Rfe8 29. Bc3 Nxc3 30. Rxc3 Be6 31. Bxe6 Rxe6 32. Rc4 Ne8 33. Rcd4 Nc7 34. a4 Rf6 35. Rd7 Ne6 36. R1d6 Rcf8 37. Rb7 Nc5 38. Rxf6 Rxf6 39. Rxb6 Nxa4 40. Ra6 Nc5 41. Rxa5 Rd6 42. Nd4 Kg6 43. Ra8 Kf6 44. Rf8+ Kg6 45. Nxf5 Rd1+ 46. Kg2 Nd7 47. Ne7+ Kh7 48. Rd8 Rd3 49. Nc8 Kg6 50. Kf1 Kf7 51. b6 Kf6 52. Re8 Kf7 53. Rxe4 Rb3 54. Rc4 Nxb6 55. Rc7+ Kg8 56. Rb7 Rb1+ 57. Kg2 Nxc8 58. Rxb1 Kh7 59. Ra1 Nd6 60. Ra4 Nf7 61. f4 Nd6 62. e4 Kg8 63. Kf3 Kf7 64. e5 Nc8 65. Ra6 Ke7 66. Rc6 Kd7 67. Rxc8 Kxc8 68. Ke4 Kd7 69. Kf5 Ke7 70. Kg6 Kf8 71. e6 Ke7 72. f5 Kf8 73. g4 h5 74. Kxh5 g6+ 75. Kxg6 Ke7 76. h4 Kf8 77. h5 Ke7 78. h6 Kf8 79. f6 Kg8 80. e7 1-0

[Event "ROM-chT Rapid"]
[Site "Sebes"]
[Date "2023.12.02"]
[Round "5.8"]
[White "Tampea, Radu"]
[Black "Filip, Lucian Ioan"]
[Result "1/2-1/2"]
[WhiteElo "2203"]
[BlackElo "2377"]
[PlyCount "55"]
[EventDate "2023.12.02"]
[EventType "team-swiss (rapid)"]
[EventRounds "8"]
[EventCountry "ROU"]
[SourceTitle "CB49_2023"]
[SourceDate "2023.12.06"]
[SourceVersion "1"]
[SourceVersionDate "2023.12.06"]
[SourceQuality "1"]
[WhiteTeam "Alba Iulia Unirea"]
[BlackTeam "Timisoara"]
[WhiteTeamCountry "ROU"]
[BlackTeamCountry "ROU"]

1. d4 Nf6 2. Bf4 g6 3. Nc3 d5 4. Nb5 Na6 5. e3 Bg7 6. Nf3 0-0 7. Bd3 c6 8. Nc3 Nb4 9. 0-0 Nxd3 10. Qxd3 Bf5 11. Qe2 Ne4 12. Nxe4 Bxe4 13. c3 Qb6 14. b4 a5 15. a3 Qa6 16. Qb2 Bxf3 17. gxf3 a4 18. Rfe1 Rfe8 19. Rad1 e5 20. Bg3 Qc4 21. dxe5 Bxe5 22. Bxe5 Rxe5 23. Rd4 Qb3 24. Re2 Qxb2 25. Rxb2 b5 26. e4 Rae8 27. exd5 Rxd5 28. Rxd5 1/2-1/2

[Event "ROM-chT"]
[Site "Eforie Nord"]
[Date "2023.09.26"]
[Round "6.5"]
[White "Filip, Lucian Ioan"]
[Black "Jianu, Vlad Cristian"]
[Result "1/2-1/2"]
[WhiteElo "2352"]
[BlackElo "2502"]
[PlyCount "33"]
[EventDate "2023.09.21"]
[EventType "team-tourn"]
[EventRounds "9"]
[EventCountry "ROU"]
[SourceTitle "EXT 2024"]
[Source "ChessBase"]
[SourceDate "2023.10.10"]
[SourceVersion "1"]
[SourceVersionDate "2023.10.10"]
[SourceQuality "1"]
[WhiteTeam "Timisoara Vest Univ"]
[BlackTeam "Bucharest ASE"]
[WhiteTeamCountry "ROU"]
[BlackTeamCountry "ROU"]

1. d4 Nf6 2. c4 e6 3. g3 d5 4. Bg2 Bb4+ 5. Nd2 0-0 6. Ngf3 dxc4 7. Qc2 a5 8. a3 Be7 9. Nxc4 b6 10. Bg5 Bb7 11. Bxf6 Bxf6 12. 0-0 Nc6 13. e3 Rb8 14. Rac1 Ne7 15. Rfd1 g6 16. Ncd2 Rc8 17. Ne4 1/2-1/2

[Event "Satu Mare Szabo Memorial GM"]
[Site "Satu Mare"]
[Date "2023.08.17"]
[Round "6"]
[White "Ognean, Mihnea Ionut"]
[Black "Filip, Lucian Ioan"]
[Result "1-0"]
[WhiteElo "2355"]
[BlackElo "2346"]
[PlyCount "125"]
[EventDate "2023.08.14"]
[EventType "tourn"]
[EventRounds "9"]
[EventCountry "ROU"]
[EventCategory "6"]
[SourceTitle "CBM 215 Extra"]
[Source "ChessBase"]
[SourceDate "2023.09.30"]
[SourceVersion "1"]
[SourceVersionDate "2023.09.30"]
[SourceQuality "1"]

1. e4 c5 2. Nf3 e6 3. d4 cxd4 4. Nxd4 Nc6 5. Nc3 Qc7 6. g3 a6 7. Bg2 Nf6 8. 0-0 Nxd4 9. Qxd4 Bc5 10. Bf4 d6 11. Qd2 h6 12. Rad1 e5 13. Be3 Bxe3 14. fxe3 Be6 15. Qxd6 Rc8 16. Rf2 Qxd6 17. Rxd6 Ke7 18. Rb6 Rc7 19. Nd5+ Bxd5 20. exd5 Ne8 21. c4 Nd6 22. Rc2 Rhc8 23. Bf1 a5 24. a3 a4 25. Bd3 e4 26. Be2 Rc5 27. Rc3 Ra8 28. g4 Ra7 29. Kf2 Kd7 30. Rb4 Kc7 31. Bd1 b5 32. cxb5 Kb6 33. Rxc5 Kxc5 34. b6 Rb7 35. Bxa4 Nc4 36. Bc2 Rxb6 37. Rxb6 Kxb6 38. Bxe4 Nxb2 39. Bc2 Nc4 40. a4 Kc5 41. e4 f6 42. h3 Kb4 43. Ke2 g5 44. Kd3 Ne5+ 45. Kd4 Nf3+ 46. Ke3 Ne5 47. Bd1 Kc5 48. Be2 Kb4 49. Bb5 Kc5 50. Ke2 Nf7 51. Kd3 Nd6 52. Bc6 Nc4 53. Bb5 Na5 54. Kc3 Nb7 55. Bd3 Na5 56. Ba6 Kb6 57. Bc4 Kc5 58. d6 Kxd6 59. Bd5 Kc5 60. Kd3 Kb4 61. Kd4 Kxa4 62. Kc5 Ka3 63. Kd6 1-0

[Event "Satu Mare Szabo Memorial GM"]
[Site "Satu Mare"]
[Date "2023.08.15"]
[Round "3"]
[White "Okhotnik, Vladimir"]
[Black "Filip, Lucian Ioan"]
[Result "1/2-1/2"]
[WhiteElo "2320"]
[BlackElo "2346"]
[PlyCount "21"]
[EventDate "2023.08.14"]
[EventType "tourn"]
[EventRounds "9"]
[EventCountry "ROU"]
[EventCategory "6"]
[SourceTitle "CBM 215 Extra"]
[Source "ChessBase"]
[SourceDate "2023.09.30"]
[SourceVersion "1"]
[SourceVersionDate "2023.09.30"]
[SourceQuality "1"]

1. e4 c5 2. Nf3 e6 3. c3 Nf6 4. e5 Nd5 5. g3 Nc6 6. Bg2 d6 7. exd6 Bxd6 8. 0-0 0-0 9. d4 cxd4 10. Nxd4 Nxd4 11. Qxd4 1/2-1/2

[Event "Satu Mare Szabo Memorial GM"]
[Site "Satu Mare"]
[Date "2023.08.14"]
[Round "1"]
[White "Grigore, George Gabriel"]
[Black "Filip, Lucian Ioan"]
[Result "1/2-1/2"]
[WhiteElo "2461"]
[BlackElo "2346"]
[PlyCount "39"]
[EventDate "2023.08.14"]
[EventType "tourn"]
[EventRounds "9"]
[EventCountry "ROU"]
[EventCategory "6"]
[SourceTitle "CBM 215 Extra"]
[Source "ChessBase"]
[SourceDate "2023.09.30"]
[SourceVersion "1"]
[SourceVersionDate "2023.09.30"]
[SourceQuality "1"]

1. d4 Nf6 2. c4 g6 3. Nc3 Bg7 4. e4 d6 5. Be2 0-0 6. Nf3 e5 7. 0-0 Bg4 8. d5 a5 9. Be3 Na6 10. Nd2 Bxe2 11. Qxe2 b6 12. Rab1 Qd7 13. f3 Nh5 14. b3 Nf4 15. Qd1 f5 16. a3 Bh6 17. Kh1 Qg7 18. Nb5 Nh5 19. Re1 Nc5 20. Bxc5 1/2-1/2

[Event "Arad op 16th"]
[Site "Arad"]
[Date "2023.08.13"]
[Round "9"]
[White "Filip, Lucian Ioan"]
[Black "Nayhebaver, Martin"]
[Result "0-1"]
[WhiteElo "2346"]
[BlackElo "2536"]
[PlyCount "98"]
[EventDate "2023.08.07"]
[EventType "swiss"]
[EventRounds "9"]
[EventCountry "ROU"]
[SourceTitle "EXT 2024"]
[Source "ChessBase"]
[SourceDate "2023.10.10"]
[SourceVersion "1"]
[SourceVersionDate "2023.10.10"]
[SourceQuality "1"]

1. d4 Nf6 2. c4 e6 3. g3 d5 4. Bg2 Be7 5. Nf3 0-0 6. Nc3 a5 7. 0-0 c6 8. b3 b6 9. Bb2 Ba6 10. Nd2 b5 11. c5 b4 12. Na4 Nbd7 13. Re1 Bb5 14. a3 Qc7 15. Qc2 Rfe8 16. f4 h5 17. axb4 axb4 18. e4 dxe4 19. Nxe4 Nxe4 20. Bxe4 Rad8 21. Bf3 h4 22. Kg2 Bf6 23. Rad1 g6 24. Bc1 Ra8 25. Be3 Red8 26. Ra1 Ra7 27. Ra2 Bg7 28. Rea1 Rda8 29. Qd2 hxg3 30. hxg3 Qb7 31. Kf2 Bxa4 32. Rxa4 Rxa4 33. Rxa4 Rxa4 34. bxa4 b3 35. a5 Qb5 36. Be2 Qa4 37. a6 Nf6 38. Qd3 b2 39. Qb1 Qa1 40. Bd3 Nd5 41. a7 Nc3 42. Qe1 Nb5 43. Qb4 Nxa7 44. Qb8+ Kh7 45. d5 Qd1 46. dxe6 Qxd3 47. exf7 b1Q 48. Qg8+ Kh6 49. f5+ Qxe3+ 0-1

[Event "Bucharest Grand Prix"]
[Site "Bucharest"]
[Date "2023.04.30"]
[Round "5"]
[White "Sachilaru, Alexandru"]
[Black "Filip, Lucian Ioan"]
[Result "0-1"]
[WhiteElo "2144"]
[BlackElo "2348"]
[PlyCount "60"]
[EventDate "2023.04.29"]
[EventType "swiss (rapid)"]
[EventRounds "10"]
[EventCountry "ROU"]
[SourceTitle "CBM 213 Extra"]
[Source "ChessBase"]
[SourceDate "2023.05.31"]
[SourceVersion "1"]
[SourceVersionDate "2023.05.31"]
[SourceQuality "1"]

1. e4 e6 2. d4 d5 3. Nc3 Nf6 4. Bg5 dxe4 5. Nxe4 Be7 6. Bxf6 gxf6 7. Nf3 f5 8. Nc3 a6 9. Qd2 b5 10. 0-0-0 Qd6 11. Kb1 Nd7 12. Bd3 Bb7 13. Qe3 b4 14. Ne2 c5 15. Rhe1 0-0-0 16. dxc5 Qxc5 17. Ned4 Bf6 18. Nb3 Qxe3 19. Rxe3 f4 20. Re2 Rhg8 21. Bxh7 Rxg2 22. Be4 Bxe4 23. Rxe4 Rxf2 24. Rxf4 Ne5 25. Rxd8+ Bxd8 26. Nbd2 Nxf3 27. Rxf3 Rxd2 28. Kc1 Rxh2 29. Rxf7 Bg5+ 30. Kd1 Rd2+ 0-1

[Event "EU-ch 23rd"]
[Site "Vrnjacka Banja"]
[Date "2023.03.09"]
[Round "7"]
[White "Filip, Lucian Ioan"]
[Black "Stanojevic, Ilija"]
[Result "1/2-1/2"]
[WhiteElo "2349"]
[BlackElo "2096"]
[PlyCount "40"]
[EventDate "2023.03.03"]
[EventType "swiss"]
[EventRounds "11"]
[EventCountry "SRB"]
[SourceTitle "CBM 213"]
[Source "ChessBase"]
[SourceDate "2023.04.30"]
[SourceVersion "1"]
[SourceVersionDate "2023.04.30"]
[SourceQuality "1"]

1. d4 Nf6 2. c4 e6 3. g3 d5 4. Bg2 dxc4 5. Nf3 c5 6. 0-0 Nc6 7. Qa4 Bd7 8. Qxc4 b5 9. Qc3 Nd5 10. Qd2 cxd4 11. Nxd4 Qb6 12. Nxc6 Bxc6 13. Nc3 Nf6 14. Qd3 Bxg2 15. Kxg2 a6 16. Qf3 Rc8 17. Be3 Bc5 18. Bxc5 Qxc5 19. Rae1 0-0 20. Ne4 Qe5 1/2-1/2

[Event "EU-ch 23rd"]
[Site "Vrnjacka Banja"]
[Date "2023.03.05"]
[Round "3"]
[White "Filip, Lucian Ioan"]
[Black "Manukyan, Sargis A"]
[Result "1/2-1/2"]
[WhiteElo "2349"]
[BlackElo "2163"]
[PlyCount "45"]
[EventDate "2023.03.03"]
[EventType "swiss"]
[EventRounds "11"]
[EventCountry "SRB"]
[SourceTitle "CBM 213"]
[Source "ChessBase"]
[SourceDate "2023.04.30"]
[SourceVersion "1"]
[SourceVersionDate "2023.04.30"]
[SourceQuality "1"]

1. d4 d5 2. c4 e6 3. Nf3 Nf6 4. g3 Be7 5. Bg2 0-0 6. 0-0 dxc4 7. Qc2 a6 8. a4 c5 9. dxc5 Bxc5 10. Qxc4 Nbd7 11. Qb3 e5 12. Bg5 Re8 13. Nc3 h6 14. Bxf6 Nxf6 15. Rad1 Qa5 16. Nd2 Be6 17. Qc2 Qc7 18. Nde4 Nxe4 19. Qxe4 Bd4 20. Qxb7 Qxb7 21. Bxb7 Ra7 22. Bd5 Bg4 23. Rd2 1/2-1/2

[Event "EU-ch 23rd"]
[Site "Vrnjacka Banja"]
[Date "2023.03.03"]
[Round "1"]
[White "Filip, Lucian Ioan"]
[Black "Wojtaszek, Radoslaw"]
[Result "0-1"]
[WhiteElo "2349"]
[BlackElo "2682"]
[PlyCount "80"]
[EventDate "2023.03.03"]
[EventType "swiss"]
[EventRounds "11"]
[EventCountry "SRB"]
[SourceTitle "CBM 213"]
[Source "ChessBase"]
[SourceDate "2023.04.30"]
[SourceVersion "1"]
[SourceVersionDate "2023.04.30"]
[SourceQuality "1"]

1. d4 e6 2. c4 b6 3. e4 Bb4+ 4. Bd2 Bxd2+ 5. Qxd2 d5 6. cxd5 exd5 7. e5 Ne7 8. f4 0-0 9. Nc3 c5 10. Nf3 Nbc6 11. Be2 Bg4 12. dxc5 bxc5 13. Na4 c4 14. b3 cxb3 15. axb3 Rb8 16. Rb1 Rb4 17. 0-0 Qa5 18. Rb2 Rfb8 19. Rc1 Bxf3 20. Bxf3 Nd4 21. Bd1 Ne6 22. g3 g6 23. Ra2 Qb5 24. Nc3 Qc5+ 25. Kh1 Rd4 26. Qe1 Rd3 27. Be2 Re3 28. Ne4 Qb6 29. Nf6+ Kg7 30. Qd2 Qxb3 31. Rxa7 Nf5 32. Bg4 Rd3 33. Qa2 Qb2 34. Qxb2 Rxb2 35. Bxf5 gxf5 36. Ra8 Rdd2 37. Rg8+ Kh6 38. g4 Rxh2+ 39. Kg1 Rbg2+ 40. Kf1 Nxf4 0-1

[Event "ROM-ch"]
[Site "Sebes"]
[Date "2023.02.25"]
[Round "8"]
[White "Filip, Lucian Ioan"]
[Black "Creanga, Robert Ionut"]
[Result "1/2-1/2"]
[WhiteElo "2372"]
[BlackElo "2190"]
[PlyCount "21"]
[EventDate "2023.02.19"]
[EventType "swiss"]
[EventRounds "9"]
[EventCountry "ROU"]
[SourceTitle "CBM 212 Extra"]
[Source "ChessBase"]
[SourceDate "2023.03.31"]
[SourceVersion "1"]
[SourceVersionDate "2023.03.31"]
[SourceQuality "1"]

1. Nf3 Nf6 2. c4 e6 3. Nc3 d5 4. e3 a6 5. b3 Nbd7 6. Bb2 b6 7. cxd5 exd5 8. Be2 Bb7 9. 0-0 Bd6 10. Re1 0-0 11. Bf1 1/2-1/2

[Event "ROM-ch"]
[Site "Sebes"]
[Date "2023.02.21"]
[Round "4"]
[White "Filip, Lucian Ioan"]
[Black "Sachilaru, Alexandru"]
[Result "1/2-1/2"]
[WhiteElo "2372"]
[BlackElo "2150"]
[PlyCount "20"]
[EventDate "2023.02.19"]
[EventType "swiss"]
[EventRounds "9"]
[EventCountry "ROU"]
[SourceTitle "CBM 212 Extra"]
[Source "ChessBase"]
[SourceDate "2023.03.31"]
[SourceVersion "1"]
[SourceVersionDate "2023.03.31"]
[SourceQuality "1"]

1. d4 Nf6 2. c4 e6 3. Nf3 d5 4. g3 Bb4+ 5. Bd2 Be7 6. Bg2 0-0 7. 0-0 c6 8. Qc2 Nbd7 9. Rd1 a5 10. b3 b5 1/2-1/2

[Event "ROM GP Final KO"]
[Site "Alba Iulia"]
[Date "2022.12.06"]
[Round "1.2"]
[White "Filip, Lucian Ioan"]
[Black "David, Alexandru Vasile"]
[Result "1-0"]
[WhiteElo "2372"]
[BlackElo "2404"]
[PlyCount "105"]
[EventDate "2022.12.06"]
[EventType "k.o. (rapid)"]
[EventRounds "3"]
[EventCountry "ROU"]
[SourceTitle "CBM 211 Extra"]
[Source "ChessBase"]
[SourceDate "2023.01.31"]
[SourceVersion "1"]
[SourceVersionDate "2023.01.31"]
[SourceQuality "1"]

1. d4 Nf6 2. c4 e6 3. g3 d5 4. Bg2 Be7 5. Nf3 0-0 6. 0-0 c6 7. Qc2 b6 8. Rd1 Bb7 9. Nc3 a5 10. b3 Nbd7 11. e4 Rc8 12. Bb2 Qc7 13. Rac1 dxe4 14. Nxe4 Nxe4 15. Qxe4 c5 16. Qe2 cxd4 17. Nxd4 Bxg2 18. Kxg2 Bf6 19. Nb5 Qb7+ 20. Kg1 Bxb2 21. Qxb2 Rcd8 22. Qd4 h5 23. h4 Qf3 24. Qc3 Qxc3 25. Nxc3 Nc5 26. Kf1 f6 27. Ke2 Kf7 28. Ke3 g5 29. hxg5 fxg5 30. Ne4 Kg6 31. f3 Nxe4 32. Kxe4 Rxd1 33. Rxd1 h4 34. gxh4 gxh4 35. Rg1+ Kh5 36. Rg7 Rf6 37. Ke3 Kh6 38. Rg8 e5 39. Re8 Rf5 40. Rg8 Kh7 41. Rb8 h3 42. Kf2 e4 43. Rb7+ Kg6 44. Rxb6+ Kg5 45. Kg1 Rxf3 46. Re6 Kf5 47. Re8 Rc3 48. Kh2 Kf4 49. Rf8+ Kg4 50. Rg8+ Kf4 51. Rf8+ Kg4 52. Rg8+ Kf3 53. Rg3+ 1-0

[Event "ROM GP Final KO"]
[Site "Alba Iulia"]
[Date "2022.12.06"]
[Round "2.2"]
[White "Filip, Lucian Ioan"]
[Black "Magold, Filip"]
[Result "0-1"]
[WhiteElo "2372"]
[BlackElo "2187"]
[PlyCount "38"]
[EventDate "2022.12.06"]
[EventType "k.o. (rapid)"]
[EventRounds "3"]
[EventCountry "ROU"]
[SourceTitle "CBM 211 Extra"]
[Source "ChessBase"]
[SourceDate "2023.01.31"]
[SourceVersion "1"]
[SourceVersionDate "2023.01.31"]
[SourceQuality "1"]

1. d4 d5 2. Nf3 Nf6 3. c4 dxc4 4. e3 e6 5. Bxc4 c5 6. 0-0 cxd4 7. exd4 Nc6 8. Nc3 Be7 9. a3 0-0 10. Re1 b6 11. d5 exd5 12. Nxd5 Nxd5 13. Bxd5 Bb7 14. Ne5 Nxe5 15. Bxb7 Qxd1 16. Rxd1 Rad8 17. Be3 Nc4 18. Bd4 Na5 19. Re1 Bg5 0-1

[Event "ROM GP Final KO"]
[Site "Alba Iulia"]
[Date "2022.12.06"]
[Round "3.1"]
[White "Filip, Lucian Ioan"]
[Black "Manolache, Marius"]
[Result "1-0"]
[WhiteElo "2372"]
[BlackElo "2454"]
[PlyCount "115"]
[EventDate "2022.12.06"]
[EventType "k.o. (rapid)"]
[EventRounds "3"]
[EventCountry "ROU"]
[SourceTitle "CBM 211 Extra"]
[Source "ChessBase"]
[SourceDate "2023.01.31"]
[SourceVersion "1"]
[SourceVersionDate "2023.01.31"]
[SourceQuality "1"]

1. d4 Nf6 2. c4 Nc6 3. Nf3 e6 4. g3 g6 5. Bg2 d6 6. 0-0 Bg7 7. Nc3 0-0 8. e4 Re8 9. h3 e5 10. Be3 exd4 11. Nxd4 Nd7 12. Rc1 a6 13. b3 Nc5 14. Qd2 Bd7 15. f4 Rb8 16. Nxc6 Bxc6 17. Bxc5 dxc5 18. Qxd8 Rbxd8 19. e5 f6 20. Bxc6 bxc6 21. Ne4 fxe5 22. f5 Rf8 23. f6 Bh6 24. Rce1 Rd3 25. Kg2 Kf7 26. Nxc5 Rd2+ 27. Rf2 Rxf2+ 28. Kxf2 Rd8 29. Rxe5 Kxf6 30. Re6+ Kf7 31. Rxc6 Rd2+ 32. Kf3 Rxa2 33. Rxc7+ Kg8 34. Rc8+ Kf7 35. Rc7+ Kg8 36. Ne4 Rb2 37. Nf6+ Kf8 38. Nxh7+ Ke8 39. Nf6+ Kd8 40. Rd7+ Kc8 41. Rd3 Bf8 42. Nd7 Bb4 43. Ne5 g5 44. Kg4 Re2 45. Nf3 Rg2 46. Nxg5 Kc7 47. h4 a5 48. h5 Rh2 49. Nh3 Bd2 50. Rd5 Kc6 51. Re5 Kd6 52. Rd5+ Kc6 53. Rf5 Kd7 54. Rf2 Rxf2 55. Nxf2 Ke6 56. Nd3 Bh6 57. Kf3 Bd2 58. Ke4 1-0

[Event "ROM GP Final KO"]
[Site "Alba Iulia"]
[Date "2022.12.06"]
[Round "2.1"]
[White "Magold, Filip"]
[Black "Filip, Lucian Ioan"]
[Result "1/2-1/2"]
[WhiteElo "2187"]
[BlackElo "2372"]
[PlyCount "79"]
[EventDate "2022.12.06"]
[EventType "k.o. (rapid)"]
[EventRounds "3"]
[EventCountry "ROU"]
[SourceTitle "CBM 211 Extra"]
[Source "ChessBase"]
[SourceDate "2023.01.31"]
[SourceVersion "1"]
[SourceVersionDate "2023.01.31"]
[SourceQuality "1"]

1. e4 c5 2. Nf3 e6 3. d4 cxd4 4. Nxd4 Nc6 5. Nc3 Qc7 6. Be3 a6 7. Qf3 b5 8. Nxc6 Qxc6 9. 0-0-0 Bb7 10. Bd3 Nf6 11. Rhe1 Be7 12. Qg3 g6 13. f3 d6 14. e5 Nh5 15. Qf2 dxe5 16. Bh6 Qc7 17. Kb1 Bf8 18. Be3 Rc8 19. Ne4 Bxe4 20. fxe4 Bc5 21. g3 0-0 22. Qf3 Bxe3 23. Rxe3 Rfd8 24. Qf2 Nf6 25. Ree1 Nd7 26. h4 Nc5 27. h5 Qe7 28. Qe3 Rd4 29. hxg6 fxg6 30. c3 Rxd3 31. Rxd3 Nxd3 32. Qxd3 Rd8 33. Qe3 Qd6 34. Kc2 Qc7 35. Rf1 Rf8 36. Rd1 Rd8 37. Rf1 Rf8 38. Rd1 Rd8 39. Rf1 Rf8 40. Rd1 1/2-1/2

[Event "ROM GP Final Gp-C"]
[Site "Alba Iulia"]
[Date "2022.12.05"]
[Round "3"]
[White "Filip, Lucian Ioan"]
[Black "Stoleriu, George"]
[Result "1/2-1/2"]
[WhiteElo "2372"]
[BlackElo "2389"]
[PlyCount "43"]
[EventDate "2022.12.05"]
[EventType "tourn (rapid)"]
[EventRounds "6"]
[EventCountry "ROU"]
[EventCategory "7"]
[SourceTitle "CBM 211 Extra"]
[Source "ChessBase"]
[SourceDate "2023.01.31"]
[SourceVersion "1"]
[SourceVersionDate "2023.01.31"]
[SourceQuality "1"]

1. d4 Nf6 2. c4 g6 3. Nc3 Bg7 4. e4 d6 5. Be2 0-0 6. Nf3 e5 7. Be3 Ng4 8. Bg5 f6 9. Bc1 Nc6 10. h3 exd4 11. Nxd4 Nxd4 12. Qxd4 Ne5 13. Be3 Kh8 14. Qd2 Be6 15. b3 f5 16. exf5 Bxf5 17. Rd1 Qd7 18. Bh6 Rae8 19. Bxg7+ Qxg7 20. 0-0 Nd7 21. Bg4 Bxg4 22. hxg4 1/2-1/2

[Event "ROM-chT Blitz"]
[Site "Sebes"]
[Date "2022.12.04"]
[Round "4.2"]
[White "Filip, Lucian Ioan"]
[Black "Jianu, Vlad Cristian"]
[Result "0-1"]
[WhiteElo "2372"]
[BlackElo "2518"]
[PlyCount "59"]
[EventDate "2022.12.04"]
[EventType "team-swiss (blitz)"]
[EventRounds "8"]
[EventCountry "ROU"]
[SourceTitle "CBM 211 Extra"]
[Source "ChessBase"]
[SourceDate "2023.01.31"]
[SourceVersion "1"]
[SourceVersionDate "2023.01.31"]
[SourceQuality "1"]
[WhiteTeam "Timisoara Vest Univ"]
[BlackTeam "Superbet ASE"]
[WhiteTeamCountry "ROU"]
[BlackTeamCountry "ROU"]

1. Nf3 d5 2. d4 e6 3. c4 a6 4. Bg5 Be7 5. Bxe7 Qxe7 6. Qb3 Nf6 7. e3 0-0 8. Nbd2 dxc4 9. Nxc4 b5 10. Na5 c5 11. dxc5 Qxc5 12. Be2 Qb6 13. Nc4 Qc7 14. Nce5 Qa5+ 15. Qc3 Qxc3+ 16. bxc3 Bb7 17. a4 Nc6 18. 0-0 Ne4 19. Rfc1 Nxe5 20. Nxe5 Nc5 21. Rcb1 bxa4 22. Nd3 Nxd3 23. Bxd3 Bc6 24. Rb6 Rfd8 25. Be2 Rd2 26. Bf3 Bxf3 27. gxf3 Rc2 28. Rxa4 Rxc3 29. Rbxa6 Rxa6 30. Rxa6 0-1

[Event "ROM-chT Blitz"]
[Site "Sebes"]
[Date "2022.12.04"]
[Round "7.10"]
[White "Ionescu, Mihai"]
[Black "Filip, Lucian Ioan"]
[Result "1/2-1/2"]
[WhiteElo "2243"]
[BlackElo "2372"]
[PlyCount "58"]
[EventDate "2022.12.04"]
[EventType "team-swiss (blitz)"]
[EventRounds "8"]
[EventCountry "ROU"]
[SourceTitle "CBM 211 Extra"]
[Source "ChessBase"]
[SourceDate "2023.01.31"]
[SourceVersion "1"]
[SourceVersionDate "2023.01.31"]
[SourceQuality "1"]
[WhiteTeam "Family Giroc"]
[BlackTeam "Timisoara Vest Univ"]
[WhiteTeamCountry "ROU"]
[BlackTeamCountry "ROU"]

1. Nf3 Nf6 2. c4 c5 3. Nc3 e6 4. g3 b6 5. Bg2 Bb7 6. 0-0 a6 7. b3 Be7 8. Bb2 0-0 9. e3 d6 10. Qe2 Nbd7 11. Rfd1 Qc7 12. Rac1 Rac8 13. d4 Ne4 14. Nxe4 Bxe4 15. Ne1 Bxg2 16. Nxg2 Bf6 17. Nf4 g6 18. Rd2 Rfd8 19. Rcd1 Bg7 20. h4 h5 21. Qf3 b5 22. dxc5 Nxc5 23. Bxg7 Kxg7 24. cxb5 axb5 25. Nd3 Nd7 26. Rc1 Qa5 27. Rdc2 Rxc2 28. Rxc2 d5 29. Kg2 Qb6 1/2-1/2